| 000 | 00696nam a22002297a 4500 | ||
|---|---|---|---|
| 005 | 20240530110955.0 | ||
| 008 | 221204s2002 au a f b 000 0 eng d | ||
| 017 | _a1424/1828 | ||
| 020 | _a9960375641 | ||
| 040 |
_aEG-CaGPL _cEG-CaGPL |
||
| 082 | 0 | 4 |
_221 _a614.47 _bم ل |
| 100 | 0 | _aماكيت ام | |
| 245 | 1 | 0 |
_aاللقاحات البشرية والتطعيم / _cتاليف ماكيت ام |
| 250 | _aط.1 | ||
| 260 |
_aالسعودية : _bمكتبة الملك فهد الوطنية، _c2002 |
||
| 300 |
_a400 ص. ؛ _c24 سم. |
||
| 650 | 0 | 7 | _aالتطعيم |
| 650 | 0 | 7 | _aاللقاحات |
| 651 | _2qrmak | ||
| 942 |
_2ddc _cBK |
||
| 999 |
_c67071 _d67071 |
||